Việt Nam văn hóa sử cương
Saved in:
| Main Author: | |
|---|---|
| Format: | Book |
| Language: | Undetermined |
| Published: |
Đồng Tháp
Nxb. Đồng Tháp
1998
|
| Subjects: | |
| Tags: |
Add Tag
No Tags, Be the first to tag this record!
|
| Institutions: | Trung tâm Học liệu Trường Đại học Cần Thơ |
|---|
| LEADER | 00536nam a2200193Ia 4500 | ||
|---|---|---|---|
| 001 | CTU_27394 | ||
| 008 | 210402s9999 xx 000 0 und d | ||
| 020 | |b 26.000đ | ||
| 082 | |a 306.09597 | ||
| 082 | |b A107 | ||
| 100 | |a Đào Duy Anh | ||
| 245 | 0 | |a Việt Nam văn hóa sử cương | |
| 245 | 0 | |c Đào Duy Anh | |
| 260 | |a Đồng Tháp | ||
| 260 | |b Nxb. Đồng Tháp | ||
| 260 | |c 1998 | ||
| 650 | |a vietnam - civilization | ||
| 904 | |i Minh, 981218 | ||
| 980 | |a Trung tâm Học liệu Trường Đại học Cần Thơ | ||